Quiz sur la Loire - Statistiques

Statistiques générales
  • Ce quiz a été pris 141 fois
  • Le résultat moyen est 15 sur 20
Statistiques - réponses
Question % Correct
Numéro du département 42
100%
Rhône
98%
Préfecture et plus grande ville Saint-Etienne
97%
Région Auvergne-Rhône-Alpes
92%
Haute-Loire
88%
Puy-de-Dôme
87%
Départements limitrophes Allier
86%
Ardèche
86%
Massif montagneux qui s'étend sur le département. Massif Central
85%
Club de football du département détenant le record du nombre de victoires de la Coupe de France. ASSE
84%
Roanne
83%
Isère
78%
Saône-et-Loire
75%
Sous-préfectures Montbrison
59%
Gentilé Ligériens
57%
Eau minérale gazeuse extraite à Saint-Galmier dans la Loire. Badoit
53%
Roche sédimentaire dont la Loire était la première extractrice française jusque dans les années 1860. Charbon
52%
Architecte internationalement reconnu dont le plus grand complexe européen est situé à Firminy dans le département. Le Corbusier
52%
Humoriste née dans le département, connue pour ses sketchs comme ''L'addition''. Muriel Robin
48%
Nombre d'habitants (arrondi à la dizaine de milliers d'habitants) 760 000 (763 441)
27%
Aucun quiz correspondant
Distribution des résultats
% des personnes avec chaque résultat
Percentile par nombre de réponses
Votre historique - résultats
Vous n’avez pas pris ce quiz